|
|
|
|
| LEADER |
00000ny a22000003n 4500 |
| 005 |
20110621110134.0 |
| 008 |
100323s2009 pe fs 001 0 spa c |
| 035 |
|
|
|a 4823
|
| 040 |
|
|
|d vlex
|
| 090 |
|
|
|c 1329
|d 1329
|
| 100 |
1 |
|
|a Peą Labrn̕, Daniel Ernesto
|
| 245 |
1 |
0 |
|a Sociologia jurd̕ica
|h [Recurso electrn̤ico]
|b curso online /
|c Daniel Ernesto Peą Labrn̕
|
| 256 |
|
|
|a Servicio en ln̕ea
|
| 260 |
|
|
|a Lima, Per ︢:
|b Editorial vLex,
|c 2009
|
| 506 |
1 |
|
|a Contenido solo disponible en los productos indicados
|d vLex Global
|d vLex Global (Academic Edition, excluding Law Schools)
|d vLex Global (U.S. Academic Edition, Law Schools)
|d vLex Global (U.S. Academic Edition, excluding Law Schools)
|d vLex Global (Academic Edition, Law Schools)
|
| 650 |
0 |
4 |
|a Derecho
|x Publicaciones perid̤icas
|
| 650 |
0 |
4 |
|a Sociologa̕ jurd̕ica
|x Publicaciones perid̤icas
|
| 740 |
0 |
|
|a vLex Libros (Servicios en ln̕ea)
|
| 856 |
4 |
0 |
|z Acceso restringido
|u http://vlex.com/source/4823
|
| 942 |
|
|
|c BOOK
|